[Event "Open Mediterranean 2017"]
[Site "Rijeka CRO"]
[Date "2009.12.02"]
[Round "6.3"]
[White "Kozul, Zdenko"]
[Black "Cebalo, Miso"]
[Result "1-0"]
[WhiteElo "2604"]
[BlackElo "2483"]
[PlyCount "221"]
[EventDate "2009.11.28"]
[EventType "swiss"]
[EventRounds "9"]
[EventCountry "CRO"]
[Source "lmi"]
[SourceDate "2009.11.28"]

1. d4 Nf6 2. Nf3 e6 3. c4 c5 4. d5 d6 5. Nc3 exd5 6. cxd5 g6 7. e4 Bg7 8. Be2
a6 9. a4 Bg4 10. Bf4 Bxf3 11. Bxf3 Qe7 12. O-O Nbd7 13. a5 O-O 14. Na4 h5 15.
Rc1 Rac8 16. Re1 Nh7 17. g3 Be5 18. Be3 Qd8 19. Qd2 b5 20. axb6 Nxb6 21. Bd1
Nxa4 22. Bxa4 Rb8 23. b3 Rb4 24. f4 Bd4 25. Rc4 Bxe3+ 26. Rxe3 Nf6 27. Rxb4
cxb4 28. Qxb4 Qe7 29. Qd4 Ng4 30. Re2 Rc8 31. Bc6 Rb8 32. b4 f6 33. h3 Nh6 34.
Ra2 g5 35. Rxa6 Nf5 36. Qa7 Qxa7+ 37. Rxa7 Nxg3 38. b5 Nxe4 39. f5 Nc3 40. Ra5
g4 41. hxg4 hxg4 42. Kf2 Kh7 43. Kg3 Kh6 44. Kxg4 Ne4 45. Kf4 Nc5 46. Ra3 Kg7
47. Kg4 Kh6 48. Rh3+ Kg7 49. Re3 Kf7 50. Ra3 Kg7 51. Ra1 Kh6 52. Rh1+ Kg7 53.
Rb1 Na4 54. Rb4 Nb6 55. Re4 Kf7 56. Re6 Nc4 57. Kf4 Rh8 58. Ke4 Rh4+ 59. Kd3
Rf4 60. Kc3 Nb6 61. Rxd6 Rxf5 62. Bb7 Rf3+ 63. Kd4 Rf4+ 64. Kd3 Nc4 65. Ra6 Ke7
66. Re6+ Kd7 67. Bc6+ Kc7 68. Kc3 Ne5 69. d6+ Kb6 70. d7 Rc4+ 71. Kb3 Rd4 72.
Bd5+ Kc7 73. b6+ Kxd7 74. b7 Rxd5 75. Rxe5 Rxe5 76. b8=Q Ke7 77. Qg8 Rg5 78.
Qh7+ Ke6 79. Kc4 Re5 80. Qg8+ Ke7 81. Kd4 Rg5 82. Qh7+ Ke6 83. Ke4 Re5+ 84. Kf4
Rg5 85. Qc7 Re5 86. Qg7 Rf5+ 87. Ke4 Re5+ 88. Kd4 Rd5+ 89. Kc4 Re5 90. Qf8 Kf5
91. Qg8 Kf4 92. Qg6 Re4+ 93. Kd5 f5 94. Qh6+ Kg4 95. Qc1 Kf3 96. Qg1 Re3 97.
Qd1+ Kg3 98. Qg1+ Kf3 99. Qf1+ Kg4 100. Qg2+ Rg3 101. Qe2+ Rf3 102. Ke5 Kg3
103. Kf6 f4 104. Kg5 Rf2 105. Qe1 f3 106. Qe5+ Kg2 107. Kg4 Rf1 108. Qg3+ Kh1
109. Kh3 Rf2 110. Qd6 Kg1 111. Qd4 1-0

[Event "Open Mediterranean 2017"]
[Site "Rijeka CRO"]
[Date "2009.12.02"]
[Round "6.4"]
[White "Lenic, Luka"]
[Black "Martinovic, Sasa"]
[Result "1/2-1/2"]
[WhiteElo "2598"]
[BlackElo "2483"]
[PlyCount "40"]
[EventDate "2009.11.28"]
[EventType "swiss"]
[EventRounds "9"]
[EventCountry "CRO"]
[Source "lmi"]
[SourceDate "2009.11.28"]

1. d4 Nf6 2. c4 g6 3. Nc3 Bg7 4. e4 d6 5. Nf3 O-O 6. Be2 e5 7. O-O Na6 8. Be3
Ng4 9. Bg5 Qe8 10. c5 h6 11. Bh4 exd4 12. Nd5 Qxe4 13. Ne7+ Kh8 14. cxd6 cxd6
15. Nxc8 Ne5 16. Nxd6 Nxf3+ 17. Bxf3 Qxh4 18. Bxb7 Rad8 19. g3 Qh3 20. Bxa6
Rxd6 1/2-1/2

[Event "Open Mediterranean 2017"]
[Site "Rijeka CRO"]
[Date "2009.12.02"]
[Round "6.5"]
[White "Drazic, Sinisa"]
[Black "Safarli, Eltaj"]
[Result "1/2-1/2"]
[WhiteElo "2519"]
[BlackElo "2592"]
[PlyCount "26"]
[EventDate "2009.11.28"]
[EventType "swiss"]
[EventRounds "9"]
[EventCountry "CRO"]
[Source "lmi"]
[SourceDate "2009.11.28"]

1. d4 Nf6 2. Nf3 e6 3. Nbd2 c5 4. e3 b6 5. Bd3 Ba6 6. c4 d5 7. b3 g6 8. Bb2
Nbd7 9. O-O Bg7 10. Qe2 O-O 11. cxd5 Bxd3 12. Qxd3 Nxd5 13. Rac1 Rc8 1/2-1/2

[Event "Open Mediterranean 2017"]
[Site "Rijeka CRO"]
[Date "2009.12.02"]
[Round "6.6"]
[White "Palac, Mladen"]
[Black "Neubauer, Martin"]
[Result "1/2-1/2"]
[WhiteElo "2578"]
[BlackElo "2452"]
[PlyCount "29"]
[EventDate "2009.11.28"]
[EventType "swiss"]
[EventRounds "9"]
[EventCountry "CRO"]
[Source "lmi"]
[SourceDate "2009.11.28"]

1. d4 Nf6 2. c4 g6 3. Nc3 d5 4. cxd5 Nxd5 5. e4 Nxc3 6. bxc3 Bg7 7. Be3 c5 8.
Rc1 Qa5 9. Qd2 cxd4 10. cxd4 Qxd2+ 11. Kxd2 O-O 12. Bb5 Rd8 13. Ne2 Nc6 14.
Bxc6 bxc6 15. Rhd1 1/2-1/2

[Event "Open Mediterranean 2017"]
[Site "Rijeka CRO"]
[Date "2009.12.02"]
[Round "6.7"]
[White "Chatalbashev, Boris"]
[Black "Bosiocic, Marin"]
[Result "0-1"]
[WhiteElo "2561"]
[BlackElo "2575"]
[PlyCount "46"]
[EventDate "2009.11.28"]
[EventType "swiss"]
[EventRounds "9"]
[EventCountry "CRO"]
[Source "lmi"]
[SourceDate "2009.11.28"]

1. d4 Nf6 2. Nf3 g6 3. Nc3 d5 4. Bf4 c6 5. Qd2 Bg7 6. Ne5 h6 7. h4 b5 8. e3 Bb7
9. Bd3 Nbd7 10. g4 a6 11. O-O-O c5 12. Nxg6 fxg6 13. Bxg6+ Kf8 14. g5 hxg5 15.
hxg5 Rxh1 16. Rxh1 Ne4 17. Nxe4 dxe4 18. d5 Nb6 19. Bxe4 Nc4 20. Qd3 Bxb2+ 21.
Kd1 Bg7 22. Ke2 Nb2 23. Qd2 Na4 0-1

[Event "Open Mediterranean 2017"]
[Site "Rijeka CRO"]
[Date "2009.12.02"]
[Round "6.8"]
[White "Gajewski, Grzegorz"]
[Black "Lekic, Dusan"]
[Result "1-0"]
[WhiteElo "2561"]
[BlackElo "2387"]
[PlyCount "79"]
[EventDate "2009.11.28"]
[EventType "swiss"]
[EventRounds "9"]
[EventCountry "CRO"]
[Source "lmi"]
[SourceDate "2009.11.28"]

1. d4 Nf6 2. c4 e6 3. Nc3 Bb4 4. Qc2 O-O 5. e4 d5 6. e5 Ne4 7. Bd3 c5 8. Nge2
cxd4 9. Nxd4 Nd7 10. Bf4 Ndc5 11. O-O Bxc3 12. bxc3 Bd7 13. Be2 Na4 14. cxd5
Naxc3 15. d6 Qb6 16. Be3 Qa5 17. f3 Nc5 18. f4 Nxe2+ 19. Qxe2 g6 20. Rab1 a6
21. Qd2 Qxd2 22. Bxd2 b5 23. Bb4 Nd3 24. Rb3 Nxb4 25. Rxb4 Rac8 26. Rd1 f6 27.
exf6 Rxf6 28. Nf3 Kf7 29. Ne5+ Ke8 30. g3 g5 31. fxg5 Rf5 32. Ng4 Rc2 33. Rf4
Bc6 34. Rxf5 exf5 35. d7+ Bxd7 36. Nf6+ Ke7 37. Rxd7+ Ke6 38. Rxh7 b4 39. Rb7
a5 40. h4 1-0

[Event "Open Mediterranean 2017"]
[Site "Rijeka CRO"]
[Date "2009.12.02"]
[Round "6.9"]
[White "Bukal, Vladimir Jr"]
[Black "Kazhgaleyev, Murtas"]
[Result "0-1"]
[WhiteElo "2387"]
[BlackElo "2653"]
[PlyCount "74"]
[EventDate "2009.11.28"]
[EventType "swiss"]
[EventRounds "9"]
[EventCountry "CRO"]
[Source "lmi"]
[SourceDate "2009.11.28"]

1. d4 d6 2. Nf3 g6 3. g3 Bg7 4. Bg2 Nd7 5. O-O e5 6. c4 Ne7 7. Nc3 O-O 8. e4
exd4 9. Nxd4 Nc6 10. Nde2 a5 11. Rb1 Re8 12. Nb5 Nde5 13. b3 f5 14. f4 Ng4 15.
e5 dxe5 16. Qxd8 Rxd8 17. Nxc7 Rb8 18. h3 Nf6 19. fxe5 Nxe5 20. Nf4 Ne4 21.
Nce6 Bxe6 22. Nxe6 Rd3 23. Nxg7 Kxg7 24. Bf4 Re8 25. Rbd1 Nc5 26. Bxb7 g5 27.
Bxe5+ Rxe5 28. Rxd3 Nxd3 29. Bf3 Re3 30. Kh2 Ne5 31. Kg2 Kg6 32. Bd1 Rc3 33.
Rf2 Nd3 34. Rd2 Kf6 35. h4 g4 36. Kf1 Nc5 37. Rd6+ Ke5 0-1

[Event "Open Mediterranean 2017"]
[Site "Rijeka CRO"]
[Date "2009.12.02"]
[Round "6.10"]
[White "Jovanic, Ognjen"]
[Black "Debray, Christopher"]
[Result "1/2-1/2"]
[WhiteElo "2552"]
[BlackElo "2358"]
[PlyCount "117"]
[EventDate "2009.11.28"]
[EventType "swiss"]
[EventRounds "9"]
[EventCountry "CRO"]
[Source "lmi"]
[SourceDate "2009.11.28"]

1. d4 Nf6 2. c4 e6 3. Nf3 c5 4. d5 b5 5. Bg5 Qa5+ 6. Qd2 Qxd2+ 7. Nbxd2 bxc4 8.
e4 Bb7 9. dxe6 fxe6 10. e5 Ne4 11. Rc1 Nxg5 12. Nxg5 Be7 13. Ngf3 O-O 14. Bxc4
Nc6 15. O-O Rf4 16. Rfe1 Raf8 17. h3 g5 18. Re4 Nd4 19. Rxf4 Rxf4 20. Nxd4 Rxd4
21. Nb3 Re4 22. Bb5 Rxe5 23. Bxd7 Kf7 24. Bb5 Bd6 25. Kf1 h6 26. Bc4 Re4 27.
Bd3 Re5 28. Rc2 Rd5 29. Be2 Re5 30. Nc1 Rd5 31. Nd3 Ba6 32. Ne1 Bb7 33. Bc4 Rd1
34. Ke2 Rb1 35. b3 Be5 36. Bd3 Bd4 37. Nf3 Bxf3+ 38. Kxf3 Rb2 39. Rxb2 Bxb2 40.
Ke4 Ke7 41. f4 gxf4 42. Kxf4 Bc1+ 43. Ke4 Kd6 44. Ba6 Bg5 45. Bc8 a5 46. a4 Bd2
47. Kd3 Bb4 48. Ke4 Ke7 49. Ba6 Kf6 50. Be2 Ba3 51. Kf4 Bc1+ 52. Kf3 Bd2 53. g3
Bc1 54. Ke4 Bd2 55. Bc4 Be1 56. Kf4 Bd2+ 57. Ke4 Be1 58. Kf4 Bd2+ 59. Ke4
1/2-1/2

[Event "Open Mediterranean 2017"]
[Site "Rijeka CRO"]
[Date "2009.12.02"]
[Round "6.11"]
[White "Saric, Ante"]
[Black "Agaragimov, Djakhangir"]
[Result "1-0"]
[WhiteElo "2471"]
[BlackElo "2294"]
[PlyCount "85"]
[EventDate "2009.11.28"]
[EventType "swiss"]
[EventRounds "9"]
[EventCountry "CRO"]
[Source "lmi"]
[SourceDate "2009.11.28"]

1. d4 g6 2. e4 Bg7 3. c4 d6 4. Nc3 Nf6 5. Be2 O-O 6. Bg5 c5 7. d5 a6 8. a4 Qa5
9. Bd2 e6 10. Nf3 exd5 11. exd5 Bg4 12. O-O Qc7 13. h3 Bxf3 14. Bxf3 Nbd7 15.
Qc2 Rfe8 16. Rfe1 Rxe1+ 17. Rxe1 Re8 18. Be2 Qd8 19. f4 Nf8 20. Bf3 Re7 21.
Rxe7 Qxe7 22. a5 Ne8 23. Ne2 f5 24. g4 fxg4 25. hxg4 Qh4 26. g5 h6 27. Qe4 Kf7
28. b3 Qh3 29. Be3 hxg5 30. fxg5 Be5 31. Bg4 Qh2+ 32. Kf1 Ng7 33. Bg1 Qh8 34.
Bxc5 Nh7 35. Qf3+ Nf5 36. Be3 Qc8 37. Bd2 Kg7 38. Qh3 Qf8 39. Kg2 Qf7 40. Bxf5
Qxf5 41. Qxf5 gxf5 42. Kh3 Kg6 43. Kh4 1-0

[Event "Open Mediterranean 2017"]
[Site "Rijeka CRO"]
[Date "2009.12.02"]
[Round "6.12"]
[White "Doric, Darko"]
[Black "Medancic, Rikard"]
[Result "1-0"]
[WhiteElo "2470"]
[BlackElo "2251"]
[PlyCount "60"]
[EventDate "2009.11.28"]
[EventType "swiss"]
[EventRounds "9"]
[EventCountry "CRO"]
[Source "lmi"]
[SourceDate "2009.11.28"]

1. d4 d5 2. c4 dxc4 3. e4 Nf6 4. e5 Nd5 5. Bxc4 Nb6 6. Bb3 Nc6 7. Be3 Bf5 8.
Ne2 e6 9. Nbc3 Be7 10. O-O Qd7 11. a3 Rd8 12. Qc1 O-O 13. Rd1 Kh8 14. d5 Na5
15. Ba2 exd5 16. Nxd5 Nxd5 17. Rxd5 Qxd5 18. Bxd5 Rxd5 19. Qxc7 Bd8 20. Qc3 Nc6
21. Qb3 Rd7 22. Ng3 Be6 23. Qc3 Bc7 24. h3 Bxe5 25. Qc2 Rfd8 26. Re1 Bc7 27. b4
h6 28. Nh5 Rd5 29. Nf4 Nd4 30. Qxc7 Ne2+ 1-0

[Event "Open Mediterranean 2017"]
[Site "Rijeka CRO"]
[Date "2009.12.02"]
[Round "6.13"]
[White "Plenca, Julijan"]
[Black "Kovacevic, Blazimir"]
[Result "0-1"]
[WhiteElo "2317"]
[BlackElo "2430"]
[PlyCount "60"]
[EventDate "2009.11.28"]
[EventType "swiss"]
[EventRounds "9"]
[EventCountry "CRO"]
[Source "lmi"]
[SourceDate "2009.11.28"]

1. e4 e6 2. d4 d5 3. Nd2 c5 4. Ngf3 Nf6 5. e5 Nfd7 6. c3 Nc6 7. a3 cxd4 8. cxd4
f6 9. Bb5 fxe5 10. Nxe5 Ndxe5 11. dxe5 Be7 12. Qh5+ g6 13. Qf3 Qc7 14. Qg3 O-O
15. Bxc6 bxc6 16. h4 Rf5 17. Nf3 Ba6 18. Bd2 Rb8 19. h5 g5 20. Bc3 c5 21. Nh4
Rf4 22. Ng6 hxg6 23. hxg6 d4 24. O-O-O dxc3 25. Qh3 cxb2+ 26. Kb1 Qxe5 27. Qh7+
Kf8 28. Qh8+ Qxh8 29. Rxh8+ Kg7 30. Rxb8 Bf6 0-1

[Event "Open Mediterranean 2017"]
[Site "Rijeka CRO"]
[Date "2009.12.02"]
[Round "6.14"]
[White "Loncar, Robert"]
[Black "Urukalovic, Roman"]
[Result "1-0"]
[WhiteElo "2406"]
[BlackElo "2237"]
[PlyCount "203"]
[EventDate "2009.11.28"]
[EventType "swiss"]
[EventRounds "9"]
[EventCountry "CRO"]
[Source "lmi"]
[SourceDate "2009.11.28"]

1. Nf3 Nf6 2. c4 g6 3. Nc3 Bg7 4. d4 O-O 5. Bg5 d6 6. e3 c6 7. Be2 a6 8. h3 b5
9. a3 bxc4 10. Bxc4 Nbd7 11. O-O Nb6 12. Bd3 a5 13. Rc1 Bb7 14. e4 Nfd7 15. Qd2
c5 16. d5 c4 17. Bc2 Nc5 18. Bh6 a4 19. Rcd1 Nbd7 20. Rfe1 f6 21. Bxg7 Kxg7 22.
Nd4 Qb6 23. Nce2 Bc8 24. Qe3 Ra6 25. Nc6 Ne5 26. Nb4 Ncd3 27. Bxd3 Nxd3 28.
Nxa6 Qxe3 29. fxe3 Nxe1 30. Rxe1 Bxa6 31. Nc3 Rb8 32. Re2 Bb5 33. Kf2 h5 34.
Ke1 g5 35. Kd2 Bd7 36. Kc1 h4 37. Rd2 Kg6 38. Rd4 Rc8 39. Kc2 Kh6 40. Ne2 g4
41. hxg4 Kg5 42. Nf4 Kxg4 43. Kc3 Rb8 44. Rxc4 Rb3+ 45. Kd4 Rxb2 46. Rc7 Bb5
47. Rxe7 Kg3 48. Rf7 Kf2 49. Rxf6 Rd2+ 50. Kc3 Kxe3 51. Ng6 Rxg2 52. Nxh4 Rg4
53. Nf5+ Kxe4 54. Ne7 Rg3+ 55. Kb4 Rb3+ 56. Ka5 Be8 57. Rxd6 Rxa3 58. Rd8 Bh5
59. d6 Bg4 60. Kb4 Ra1 61. Nc6 a3 62. d7 Kd5 63. Ne5 Bxd7 64. Nxd7 a2 65. Nb8+
Ke4 66. Kb3 Rb1+ 67. Kxa2 Rb6 68. Ka3 Ke3 69. Nd7 Rb7 70. Nc5 Rb5 71. Nb3 Rb7
72. Re8+ Kf4 73. Kb2 Rc7 74. Nd4 Rb7+ 75. Kc3 Rc7+ 76. Kd3 Rb7 77. Rf8+ Ke5 78.
Rf5+ Kd6 79. Rh5 Rb1 80. Nb5+ Kc6 81. Nc3 Rg1 82. Kd4 Rg4+ 83. Ne4 Rg1 84. Rh6+
Kd7 85. Rd6+ Kc7 86. Re6 Rd1+ 87. Kc4 Rc1+ 88. Nc3 Kd7 89. Rh6 Rg1 90. Nb5 Rg4+
91. Nd4 Rg5 92. Ne6 Rf5 93. Nc5+ Ke7 94. Kd4 Rf1 95. Ke5 Re1+ 96. Ne4 Kf7 97.
Rf6+ Kg7 98. Rf4 Re2 99. Ke6 Re1 100. Rg4+ Kh6 101. Kf7 Kh5 102. Nf6+ 1-0

[Event "Open Mediterranean 2017"]
[Site "Rijeka CRO"]
[Date "2009.12.02"]
[Round "6.15"]
[White "Franciskovic, Borka"]
[Black "Sale, Srdjan"]
[Result "0-1"]
[WhiteElo "2215"]
[BlackElo "2399"]
[PlyCount "118"]
[EventDate "2009.11.28"]
[EventType "swiss"]
[EventRounds "9"]
[EventCountry "CRO"]
[Source "lmi"]
[SourceDate "2009.11.28"]

1. c4 b6 2. Nf3 Bb7 3. g3 Bxf3 4. exf3 c5 5. d4 cxd4 6. Qxd4 Nc6 7. Qd1 e6 8.
Be2 Rc8 9. O-O Na5 10. Nd2 h5 11. b3 Qf6 12. Rb1 Qg6 13. Ne4 h4 14. Nd6+ Bxd6
15. Qxd6 Nb7 16. Qd3 hxg3 17. fxg3 Qh5 18. Rf2 Nc5 19. Qc2 Ne7 20. b4 Nb7 21.
f4 Qg6 22. Qxg6 Nxg6 23. Bb2 Nd6 24. Rc1 f6 25. Rff1 Ne7 26. Rfd1 Ndf5 27. Rd2
d5 28. c5 bxc5 29. bxc5 Nc6 30. Bg4 Nce7 31. Ba3 Kf7 32. Rb1 Rc7 33. Be2 Nc6
34. Rdb2 Nfd4 35. Ba6 e5 36. Rb7 Rxb7 37. Rxb7+ Kg6 38. Kg2 e4 39. h4 Nc2 40.
Bc1 N6b4 41. Be2 Nxa2 42. Bd2 e3 43. Rb2 exd2 44. Rxc2 Nb4 45. Rxd2 Rc8 46. g4
Rxc5 47. h5+ Kf7 48. Bf3 a5 49. Bd1 Rc3 50. Bf3 Ke6 51. Re2+ Kd6 52. Rd2 a4 53.
g5 a3 54. h6 gxh6 55. gxh6 Rc7 56. Kg3 Rh7 57. Rh2 a2 58. Rh1 Nc2 59. Kg4 Rxh6
0-1

[Event "Open Mediterranean 2017"]
[Site "Rijeka CRO"]
[Date "2009.12.02"]
[Round "6.16"]
[White "Battaglini, Gabriel"]
[Black "Drljevic, Ljilja"]
[Result "0-1"]
[WhiteElo "2398"]
[BlackElo "2218"]
[PlyCount "87"]
[EventDate "2009.11.28"]
[EventType "swiss"]
[EventRounds "9"]
[EventCountry "CRO"]
[Source "lmi"]
[SourceDate "2009.11.28"]

1. d4 Nf6 2. Bg5 g6 3. Bxf6 exf6 4. g3 Bg7 5. Bg2 f5 6. e3 O-O 7. Ne2 d6 8. O-O
Nd7 9. c4 Nf6 10. Nbc3 Re8 11. b4 h5 12. h4 g5 13. hxg5 Ng4 14. Nd5 c6 15. Nf6+
Bxf6 16. gxf6 Qxf6 17. Nf4 h4 18. Qf3 a5 19. b5 Be6 20. Rfc1 c5 21. dxc5 dxc5
22. gxh4 Bxc4 23. Nh5 Qe5 24. Qf4 Bxb5 25. Rab1 Ba6 26. Qg5+ Kf8 27. Nf4 Nxf2
28. Qh6+ Kg8 29. Qg5+ Kf8 30. Rb6 Ng4 31. e4 Qd4+ 32. Kh1 Nf2+ 33. Kh2 Ng4+ 34.
Kh1 Nf2+ 35. Kh2 Ng4+ 36. Kh1 Rad8 37. Bf3 Nf2+ 38. Kh2 Nxe4 39. Bxe4 Rxe4 40.
Qh6+ Qg7 41. Ng6+ Kg8 42. Ne7+ Rxe7 43. Rg1 Re2+ 44. Kh1 0-1

[Event "Open Mediterranean 2017"]
[Site "Rijeka CRO"]
[Date "2009.12.02"]
[Round "6.17"]
[White "Rukavina, Josip"]
[Black "Skrbin, Kresimir"]
[Result "1-0"]
[WhiteElo "2428"]
[BlackElo "2215"]
[PlyCount "95"]
[EventDate "2009.11.28"]
[EventType "swiss"]
[EventRounds "9"]
[EventCountry "CRO"]
[Source "lmi"]
[SourceDate "2009.11.28"]

1. c4 c6 2. Nf3 d5 3. e3 Nf6 4. Nc3 Bf5 5. cxd5 Nxd5 6. d4 e6 7. Bc4 Nd7 8. O-O
N7f6 9. h3 Be7 10. Re1 O-O 11. Bd3 Nxc3 12. bxc3 Bxd3 13. Qxd3 c5 14. e4 Rc8
15. Rb1 b6 16. Bf4 cxd4 17. cxd4 Nh5 18. Be5 Bd6 19. Qe3 Bxe5 20. dxe5 f5 21.
exf5 exf5 22. Rbd1 Qe7 23. Rd4 g6 24. Red1 Rcd8 25. Qb3+ Kh8 26. Rxd8 Rxd8 27.
Rxd8+ Qxd8 28. Qf7 Ng7 29. Qxa7 Kg8 30. Qa4 Ne6 31. h4 h6 32. Qb3 Kf7 33. Qc4
Qd7 34. Kh2 b5 35. Qb3 Kg7 36. Qe3 Qe7 37. Qd3 b4 38. Kg1 Qc7 39. Qd2 Qe7 40.
Nd4 Nxd4 41. Qxd4 Kf7 42. Qd5+ Kg7 43. Qd4 Kf7 44. Qf4 Kg7 45. h5 Qc5 46. g4
Qc8 47. hxg6 Kxg6 48. Qxf5+ 1-0

[Event "Open Mediterranean 2017"]
[Site "Rijeka CRO"]
[Date "2009.12.02"]
[Round "6.18"]
[White "Valenti, Giuseppe"]
[Black "Dancevski, Orce"]
[Result "0-1"]
[WhiteElo "2141"]
[BlackElo "2418"]
[PlyCount "115"]
[EventDate "2009.11.28"]
[EventType "swiss"]
[EventRounds "9"]
[EventCountry "CRO"]
[Source "lmi"]
[SourceDate "2009.11.28"]

1. e4 c5 2. Nf3 d6 3. d4 Nf6 4. Nc3 cxd4 5. Nxd4 Nc6 6. Bc4 Bd7 7. O-O g6 8. h3
Nxd4 9. Qxd4 Bg7 10. Be3 O-O 11. Qd3 Bc6 12. Bd4 a6 13. a3 Rc8 14. Bb3 Qa5 15.
Qe3 Qh5 16. f4 Qh4 17. Rae1 Bh6 18. Qf3 Nh5 19. f5 Qg3 20. fxg6 hxg6 21. Bxf7+
Kh7 22. Qg4 Qxg4 23. hxg4 Nf4 24. Bb3 e5 25. Be3 Bd7 26. Kh2 Bxg4 27. g3 Nh5
28. Bxh6 Kxh6 29. Bd5 Rxf1 30. Rxf1 Rc7 31. Rf8 Kg5 32. Kg2 Nf6 33. Bb3 Rh7 34.
Rf7 Rh6 35. Rxb7 Bh3+ 36. Kf2 Bg4 37. Rb6 Rh2+ 38. Ke3 Bh3 39. Nd5 Ng4+ 40. Kd3
Nf2+ 41. Kc3 Nxe4+ 42. Kb4 Rg2 43. Rxa6 Rxg3 44. a4 Nc5 45. Rxd6 Nxb3 46. cxb3
e4 47. a5 e3 48. Nc3 Rf3 49. a6 Rf7 50. Rd3 Re7 51. a7 Bg2 52. Nd5 e2 53. a8=Q
e1=Q+ 54. Kc5 Rd7 55. Qa4 Qf2+ 56. Kc6 Rd8 57. Qa5 Qf6+ 58. Kc5 0-1

[Event "Open Mediterranean 2017"]
[Site "Rijeka CRO"]
[Date "2009.12.02"]
[Round "6.19"]
[White "Levar, Nenad"]
[Black "Mitkov, Marjan"]
[Result "0-1"]
[WhiteElo "2138"]
[BlackElo "2395"]
[PlyCount "97"]
[EventDate "2009.11.28"]
[EventType "swiss"]
[EventRounds "9"]
[EventCountry "CRO"]
[Source "lmi"]
[SourceDate "2009.11.28"]

1. Nf3 d5 2. d4 Nf6 3. g3 c5 4. c3 Nc6 5. Bg2 Bf5 6. O-O e6 7. Qb3 Qb6 8. Bf4
Be7 9. Nbd2 O-O 10. h3 h6 11. g4 Bg6 12. Rfe1 cxd4 13. cxd4 Nxd4 14. Qxb6 Nxf3+
15. Nxf3 axb6 16. Rec1 Rfc8 17. a3 Nd7 18. Ne5 Nxe5 19. Bxe5 Rc6 20. Bf1 Rac8
21. Rc3 f6 22. Bd4 e5 23. Bxb6 Rxc3 24. bxc3 Rxc3 25. a4 Bc5 26. Ba5 Rg3+ 27.
Kh2 Rb3 28. Bg2 Bf7 29. Rd1 Bxf2 30. Bxd5 Bxd5 31. Rxd5 b6 32. Bd2 Bd4 33. Rb5
Ra3 34. a5 Ra2 35. axb6 Rxd2 36. b7 Ba7 37. b8=Q+ Bxb8 38. Rxb8+ Kh7 39. h4
Rxe2+ 40. Kg3 Re3+ 41. Kf2 Rh3 42. h5 f5 43. gxf5 Rxh5 44. Rf8 Rh4 45. Kg3 Rf4
46. Kh3 h5 47. Kh2 Kh6 48. Rf7 g6 49. Rf8 0-1

[Event "Open Mediterranean 2017"]
[Site "Rijeka CRO"]
[Date "2009.12.02"]
[Round "6.20"]
[White "Lovik, Lasse Ostebo"]
[Black "Broekman, Willem"]
[Result "1-0"]
[WhiteElo "2379"]
[BlackElo "2129"]
[PlyCount "87"]
[EventDate "2009.11.28"]
[EventType "swiss"]
[EventRounds "9"]
[EventCountry "CRO"]
[Source "lmi"]
[SourceDate "2009.11.28"]

1. d4 e6 2. c4 Nf6 3. Nf3 d5 4. g3 c6 5. Bg2 Nbd7 6. O-O Bd6 7. Nc3 O-O 8. Nd2
Be7 9. Qc2 Re8 10. Rd1 b6 11. e4 dxe4 12. Ndxe4 Bb7 13. Bf4 Nxe4 14. Nxe4 Nf6
15. c5 Nxe4 16. Bxe4 f5 17. Bf3 b5 18. a4 a6 19. Rd2 Bg5 20. Bxg5 Qxg5 21. Re1
Re7 22. Rde2 Rae8 23. Re5 g6 24. Qe2 Kf7 25. h4 Qf6 26. Qe3 h5 27. Bd1 Bc8 28.
Bb3 Bd7 29. Qf4 Bc8 30. Kg2 Rd8 31. Kh2 Ree8 32. axb5 axb5 33. Ra1 Re7 34. Ra8
Rde8 35. Qe3 Bd7 36. Ra6 Qg7 37. Bd1 Rc8 38. Bf3 Ke8 39. Qf4 Kf7 40. Re1 Qf6
41. Qd6 Kf8 42. Ra7 Qg7 43. Rxd7 Qf6 44. Ra7 1-0

[Event "Open Mediterranean 2017"]
[Site "Rijeka CRO"]
[Date "2009.12.02"]
[Round "6.21"]
[White "Antunovic, Ivo"]
[Black "Brumen, Dinko"]
[Result "1/2-1/2"]
[WhiteElo "2132"]
[BlackElo "2349"]
[PlyCount "129"]
[EventDate "2009.11.28"]
[EventType "swiss"]
[EventRounds "9"]
[EventCountry "CRO"]
[Source "lmi"]
[SourceDate "2009.11.28"]

1. Nf3 d5 2. g3 Nf6 3. Bg2 c5 4. O-O Nc6 5. d3 g6 6. Nc3 Bg7 7. a3 d4 8. Na4
Qd6 9. c4 O-O 10. Rb1 Nd7 11. Bd2 a5 12. b4 axb4 13. axb4 cxb4 14. Qb3 e5 15.
Bxb4 Nxb4 16. Qxb4 Qc7 17. Nb6 Nxb6 18. Qxb6 Qe7 19. Ra1 Rxa1 20. Rxa1 f5 21.
Rb1 Rf6 22. Qb5 Rf8 23. Nd2 Bh6 24. Nb3 Rf6 25. Qc5 Qe8 26. Na5 Bf8 27. Qd5+
Kh8 28. Nxb7 g5 29. Qd8 Qxd8 30. Nxd8 Kg7 31. Rb8 Ba6 32. Nc6 e4 33. Nxd4 exd3
34. exd3 Bc5 35. Nb3 Be7 36. Bd5 f4 37. Nd4 fxg3 38. hxg3 Kh6 39. g4 Bf8 40.
Nf5+ Kg6 41. Kg2 h5 42. f3 h4 43. Ra8 Kh7 44. Ra7+ Kh8 45. Rf7 Rxf7 46. Bxf7
Bc8 47. Nd4 Kg7 48. Bd5 Kf6 49. Ne2 Ba3 50. Be4 Ba6 51. Kh3 Bd6 52. f4 gxf4 53.
Kxh4 Ke5 54. Bf3 Bc5 55. Kh5 Be3 56. Kg6 Bc8 57. g5 Bf5+ 58. Kh5 Bxd3 59. g6
Bxc4 60. Nc3 Bd4 61. Ne2 Bc5 62. Kh6 Bf8+ 63. g7 Bxg7+ 64. Kxg7 Bxe2 65. Bxe2
1/2-1/2

[Event "Open Mediterranean 2017"]
[Site "Rijeka CRO"]
[Date "2009.12.02"]
[Round "6.22"]
[White "Doric, Nenad"]
[Black "Orenda, Omar"]
[Result "1-0"]
[WhiteElo "2344"]
[BlackElo "2132"]
[PlyCount "59"]
[EventDate "2009.11.28"]
[EventType "swiss"]
[EventRounds "9"]
[EventCountry "CRO"]
[Source "lmi"]
[SourceDate "2009.11.28"]

1. e4 c5 2. Nf3 Nf6 3. Nc3 d5 4. exd5 Nxd5 5. Bb5+ Bd7 6. Ne5 Bxb5 7. Qf3 f6 8.
Nxb5 fxe5 9. Qxd5 Qxd5 10. Nc7+ Kd7 11. Nxd5 Nc6 12. b3 Nd4 13. Ne3 g6 14. Bb2
Bh6 15. O-O-O b5 16. Rhe1 Kd6 17. Ng4 Bg7 18. f3 a5 19. Re4 h5 20. Nf2 a4 21.
c3 Nf5 22. Nd3 a3 23. Ba1 Kd5 24. c4+ bxc4 25. bxc4+ Kd6 26. Bxe5+ Bxe5 27.
Rxe5 Ra5 28. Rd5+ Kc6 29. Re1 Nd6 30. Ree5 1-0

[Event "Open Mediterranean 2017"]
[Site "Rijeka CRO"]
[Date "2009.12.02"]
[Round "6.23"]
[White "Pejic, Irving"]
[Black "Diermair, Andreas"]
[Result "0-1"]
[WhiteElo "2132"]
[BlackElo "2341"]
[PlyCount "34"]
[EventDate "2009.11.28"]
[EventType "swiss"]
[EventRounds "9"]
[EventCountry "CRO"]
[Source "lmi"]
[SourceDate "2009.11.28"]

1. e4 e5 2. Nf3 Nc6 3. d4 exd4 4. Nxd4 Bc5 5. Nb3 Bb6 6. a4 a6 7. Nc3 d6 8. Nd5
Ba7 9. Bd3 Be6 10. O-O Nge7 11. Qe2 O-O 12. c4 Qd7 13. Be3 Bxe3 14. Qxe3 Rae8
15. Qg3 f5 16. Rae1 Ne5 17. Nd4 f4 0-1

[Event "Open Mediterranean 2017"]
[Site "Rijeka CRO"]
[Date "2009.12.02"]
[Round "6.24"]
[White "Fucak, Emilijo"]
[Black "Berke, Ana"]
[Result "1-0"]
[WhiteElo "2291"]
[BlackElo "2123"]
[PlyCount "139"]
[EventDate "2009.11.28"]
[EventType "swiss"]
[EventRounds "9"]
[EventCountry "CRO"]
[Source "lmi"]
[SourceDate "2009.11.28"]

1. b3 e5 2. Bb2 Nc6 3. c4 Nf6 4. Nc3 Bc5 5. e3 O-O 6. Nf3 Re8 7. d3 d5 8. cxd5
Nxd5 9. Be2 Bg4 10. O-O Nxc3 11. Bxc3 Qd6 12. Ng5 Bf5 13. Ne4 Bxe4 14. dxe4
Rad8 15. Qxd6 Rxd6 16. a3 a5 17. Rfc1 Bb6 18. Bb5 f6 19. Be1 Red8 20. Bxc6 Rxc6
21. Rxc6 bxc6 22. a4 c5 23. Rc1 Kf7 24. Kf1 h5 25. Ke2 Ke6 26. Rc3 g5 27. Bd2
g4 28. Bc1 Rd6 29. Ba3 Rc6 30. Kd3 Rd6+ 31. Ke2 Rc6 32. Kd2 Rd6+ 33. Ke2 Rc6
34. Rc4 Kd7 35. h3 Ke6 36. f4 gxh3 37. f5+ Kf7 38. gxh3 Kg7 39. Kf3 Kh6 40. Kg3
Kg5 41. Rc3 Rd6 42. h4+ Kh6 43. Bxc5 Bxc5 44. Rxc5 Rd3 45. Kf3 Rxb3 46. Rxc7
Rb4 47. Rf7 Rxa4 48. Rxf6+ Kg7 49. Rg6+ Kf7 50. Re6 Ra1 51. Rxe5 Rf1+ 52. Kg2
Ra1 53. Rb5 a4 54. Rb7+ Kf6 55. Rb6+ Kf7 56. e5 a3 57. Rb7+ Ke8 58. Ra7 a2 59.
e6 Re1 60. Rxa2 Rxe3 61. Ra8+ Ke7 62. Rh8 Ra3 63. Rxh5 Kf6 64. Rh8 Re3 65. Rf8+
Kg7 66. Rf7+ Kg8 67. h5 Re5 68. Kg3 Re1 69. Ra7 Rh1 70. Ra8+ 1-0